000 00438nam a2200181Ia 4500
005 20240823032109.0
008 240823s9999||||xx |||||||||||||| ||und||
041 _aENGLISH
082 _A153.8 Q0
100 _aDev Nath
245 4 _aThe Magic of Motivation: Okuvital Enum Manthira Savi
250 _a1st
260 _c2010
_bPuthiya Puthaga Ul
500 _aYES
650 _aTamil Book
_bGeneral
942 _cBK
999 _c192636
_d192636